000 00862nam a22002657a 4500
005 20230512222054.0
008 180516t xxu||||| |||| 00| 0 eng d
020 _a9780071590303
040 _cCSPC
082 0 _a616.075
_bR189
245 0 0 _aThe rational clinical examination
_bevidence-based clinical diagnosis
260 _aNew York :
_bMcGraw-Hill ;
_c2009.
300 _axix, 744 pages :
_bfigures, tables ;
_c26 cm.
500 _aIncludes Bibliographical references and Index.
650 1 0 _aMedical history taking.
650 1 0 _aDiagnosis.
650 1 0 _aEvidence-based medicine.
700 1 _aRennie, Drummond,
_eeditor.
700 1 _aSimel, David L.,
_eeditor.
700 1 _aKeitz, Sheri A.,
_eeditor.
940 _ayves
942 _cBOOK
_jNUR 616.075 R189 2009
999 _c4481
_d4481